Sports Quiz

Random Sports or MLB Quiz

MLB - Spelling Check (2014 debuts) Quiz Stats

Quiz not verified by Sporcle

Players are listed with the team where they made their debut.
Score 0/60 Timer 06:00
0 Plays Today
% Correct
Javier Baez (CHC)
84%
Jose Abreu (CHW)
83%
George Springer (HOU)
83%
Kyle Hendricks (CHC)
81.9%
Danny Santana (MIN)
81.9%
Mookie Betts (BOS)
80.9%
Joe Panik (SFG)
78.7%
Oscar Taveras (STL)
77.7%
Jorge Soler (CHC)
76.6%
Chase Whitley (NYY)
76.6%
Randal Grichuk (STL)
75.5%
Jace Peterson (SDP)
75.5%
Kevin Quackenbush (SDP)
73.4%
Roenis Elias (SEA)
71.3%
Matt Szczur (CHC)
70.2%
Chris Dominguez (SFG)
69.1%
Kyle Lobstein (DET)
69.1%
Rougned Odor (TEX)
69.1%
Anthony DeSclafani (MIA)
68.1%
Rafael Ynoa (COL)
68.1%
Nick Ahmed (ARI)
67%
David Peralta (ARI)
67%
Arismendy Alcantara (CHC)
66%
Christian Colon (KCR)
66%
Kennys Vargas (MIN)
66%
Adrian Nieto (CHW)
64.9%
Dilson Herrera (NYM)
63.8%
Tyler Matzek (COL)
63.8%
Justin Bour (MIA)
62.8%
Yohan Pino (MIN)
62.8%
% Correct
Stefen Romero (SEA)
62.8%
Cole Figueroa (TBR)
61.7%
Zelous Wheeler (NYY)
60.6%
Tommy Kahnle (COL)
59.6%
Erisbel Arruebarrena (LAD)
58.5%
C.J. Riefenhauser (TBR)
58.5%
Ryan Rua (TEX)
58.5%
Mike Foltynewicz (HOU)
56.4%
Yohan Flande (COL)
55.3%
Mario Hollands (PHI)
55.3%
Dominic Leone (SEA)
55.3%
Tucker Barnhart (CIN)
54.3%
John Holdzkom (PIT)
54.3%
Shae Simmons (ATL)
54.3%
Jake Goebbert (SDP)
53.2%
J.T. Realmuto (MIA)
53.2%
Curt Casali (TBR)
51.1%
Corey Knebel (DET)
51.1%
Cam Bedrosian (LAA)
50%
Jamie Romak (LAD)
47.9%
Vince Belnome (TBR)
46.8%
Aaron Altherr (PHI)
44.7%
Jarrett Grube (LAA)
42.6%
Eric Jokisch (CHC)
42.6%
A.J. Achter (MIN)
41.5%
Drew Rucinski (LAA)
41.5%
Sam Tuivailala (STL)
41.5%
Wilking Rodriguez (KCR)
40.4%
Daniel Coulombe (LAD)
39.4%
Guilder Rodriguez (TEX)
38.3%

You're not logged in!

Compare scores with friends on all Sporcle quizzes.
Join for Free
OR
Log In

You Might Also Like...

Show Comments

Extras

Top Quizzes Today


Score Distribution

Your Account Isn't Verified!

In order to create a playlist on Sporcle, you need to verify the email address you used during registration. Go to your Sporcle Settings to finish the process.

Report this User

Report this user for behavior that violates our Community Guidelines.

Details: